Every NHL Arena - Statistics

General Stats
  • This quiz has been taken 21 times
  • The average score is 15 of 32
Answer Stats
Team Arena % Correct
Anaheim Ducks Honda Center
87%
Boston Bruins TD Garden
73%
New York Rangers Madison Square Garden
67%
Montreal Canadiens Bell Centre
60%
Nashville Predators Bridgestone Arena
60%
Buffalo Sabres KeyBank Center
60%
New Jersey Devils Prudential Center
60%
Vegas Golden Knights T-Mobile Arena
60%
Chicago Blackhawks United Center
60%
Dallas Stars American Airlines Center
53%
Pittsburgh Penguins PPG Paints Arena
53%
Vancouver Canucks Rogers Arena
53%
Edmonton Oilers Rogers Place
53%
San Jose Sharks SAP Center
53%
Detroit Red Wings Little Caesars Arena
47%
Columbus Blue Jackets Nationwide Arena
47%
Carolina Hurricanes PNC Arena
47%
Toronto Maple Leafs Scotiabank Arena
47%
Calgary Flames Scotiabank Saddledome
47%
Philadelphia Flyers Wells Fargo Center
47%
Tampa Bay Lightning Amalie Arena
40%
Seattle Kraken Climate Pledge Arena
40%
Los Angeles Kings Crypto.com Arena
40%
St. Louis Blues Enterprise Center
40%
Minnesota Wild Xcel Energy Center
40%
Ottawa Senators Canadian Tire Centre
33%
Colorado Avalanche Pepsi Center
33%
New York Islanders Barclays Center
27%
Florida Panthers BB&T Center
20%
Winnipeg Jets Canada Life Centre
20%
Washington Capitals Capital One Arena
20%
Arizona Coyotes Gila River Arena
20%
No matching quizzes found
Score Distribution
Percent of People with Each Score
Percentile by Number Answered
Your Score History
You have not taken this quiz